000 00326nam a22001097a 4500
008 230522b |||||||| |||| 00| 0 eng d
082 _a579.23
100 _aBeena Philomina, Anitha PM, Shabina MB, Sarada Devi KL
245 _aAnanthanarayan and Paniker's textbook of Microbiology
_bMCQs
300 _a72 p.
_c21cm
942 _2ddc
999 _c9598
_d9599